Historia del comercio
Saved in:
| Main Author: | |
|---|---|
| Format: | Book |
| Language: | Spanish |
| Published: |
Ciudad de México
Fondo de la Cultura Económica
1941
|
| Subjects: | |
| Tags: |
Add Tag
No Tags, Be the first to tag this record!
|
MARC
| LEADER | 00000nam a2200000 a 4500 | ||
|---|---|---|---|
| 001 | UCS2772 | ||
| 003 | CL-VaPUC | ||
| 008 | 970606e19410000MX |||||||||||||||||spa|d | ||
| 082 | 0 | 4 | |a 380.09 |b DAY |2 21 |
| 100 | 0 | |a Day, Clive |e author |9 388572 | |
| 245 | 1 | 0 | |a Historia del comercio |
| 300 | |a v | ||
| 942 | |c BK | ||
| 945 | |d 19970606 00:00:00 |a lriquelm | ||
| 260 | |a Ciudad de México |b Fondo de la Cultura Económica |c 1941 | ||
| 650 | 0 | |a Comercio |9 255341 | |
| 650 | 0 | |a Historia |9 255047 | |
| 650 | 7 | |a COMERCIO INTERNACIONAL |2 CL-VaPUC |9 388573 | |
| 650 | 0 | |a Política económica |9 255029 | |
| 650 | 0 | |a Civilizaciones antiguas |9 265998 | |
| 650 | 7 | |a CULTURA ARABE |2 CL-VaPUC |9 368790 | |
| 650 | 7 | |a CULTURA ASIATICA |2 CL-VaPUC |9 388574 | |
| 650 | 0 | |a Edad media |9 258041 | |
| 650 | 0 | |a Desarrollo económico y social |9 256320 | |
| 651 | 0 | |a España |9 254926 | |
| 651 | 7 | |a PORTUGAL |2 CL-VaPUC |9 255007 | |
| 651 | 0 | |a Inglaterra |9 255158 | |
| 651 | 0 | |a Francia |9 255157 | |
| 651 | 0 | |a Europa |9 255156 | |
| 583 | |a last modification |c 19970606 00:00:00 |k Rodrigo Vera | ||
| 999 | |c 260706 |d 260704 | ||
| 952 | |0 0 |1 0 |4 0 |6 380_090000000000000_DAY_1941 |7 0 |8 P |9 286991 |a BIBDER |b BIBDER |d 2019-11-19 |h v.1 |i 1864378 |o 380.09 DAY 1941 |p 1864378 |r 2023-01-25 |w 2019-11-19 |y BK |k DER | ||